Κατάλογος Βιβλιοθηκών Mediterranean College

Οδηγός Εξαγωγών Αγαθών και Υπηρεσιών / Σχεδιασμός - Προώθηση - Διαδικασίες με Πρακτικά Υποδείγματα (Record no. 4592)

MARC details
000 -LEADER
fixed length control field 02678cam a22002054a 4500
005 - ΗΜΕΡΟΜΗΝΙΑ ΚΑΙ ΩΡΑ ΤΕΛΕΥΤΑΙΑΣ ΕΝΗΜΕΡΩΣΗΣ
Πεδίο ελέγχου 20250605164150.0
008 - FIXED-LENGTH DATA ELEMENTS--GENERAL INFORMATION
Πεδίο ελέγχου σταθερού μήκους 250528s ||||||||||||||||||||||||d
035 ## - SYSTEM CONTROL NUMBER
System control number 19332
020 ## - ISBN
ISBN 9603515817
040 ## - ΠΗΓΗ ΚΑΤΑΛΟΓΟΓΡΑΦΗΣΗΣ
Φορέας πρωτότυπης καταλογογράφησης MC Athens Campus Library
Γλώσσα καταλογογράφησης Ελληνικά, Μοντέρνα (1453-)
Modifying agency MC Athens Campus Library
Κανόνες περιγραφικής καταλογογράφησης AACR2
245 1# - ΤΙΤΛΟΣ ΚΑΙ ΔΗΛΩΣΗ ΥΠΕΥΘΥΝΟΤΗΤΑΣ
Τίτλος Οδηγός Εξαγωγών Αγαθών και Υπηρεσιών / Σχεδιασμός - Προώθηση - Διαδικασίες με Πρακτικά Υποδείγματα
250 ## - EDITION STATEMENT
Edition statement
260 ## - PUBLICATION, DISTRIBUTION, ETC.
Name of publisher, distributor, etc. Σταμούλης Α,
Date of publication, distribution, etc. 2005
300 ## - PHYSICAL DESCRIPTION
Extent 484
520 ## - SUMMARY, ETC.
Summary, etc. Ένας πλήρης και εύχρηστος οδηγός που δίνει λύσεις σε όλα τα πρακτικά προβλήματα που αντιμετωπίζει σήμερα μια επιχείρηση στον τομέα των εξαγωγών της. Εισαγωγή στο Διεθνές Εμπόριο, Οι Διεθνείς Συναλλαγές, Τα Φορτωτικά Έγγραφα στο Διεθνές Εμπόριο, Μέσα Διεθνών Πληρωμών, Μέσα Χρηματοδότησης Εξαγωγικών Επιχειρήσεων, Μορφές Συνεργασίας για την Προώθηση των Εξαγωγών, Αντιμετώπιση Συναλλαγματικών Κινδύνων, Η Συγχρονη Τεχνολογία και το Διεθνές Εμπόριο, Διαδικασίες Διεκπεραίωσης Εξαγωγών, Εφοδιαστική (Logistics), Τελωνειακά Θέματα, Μεταφορές, Μεταφορές Ειδικών Φορτίων, Ασφάλιση Μεταφορών, Ασφάλιση Εξαγωγών από Πιστωτικούς και Πολιτικούς Κινδύνους, Incoterms 2000, Συσκευασία και Επωνυμία Εξαγόμενου Προϊόντος, Συμμετοχή σε Εμπορικές Εκθέσεις Εξωτερικού, Μάρκετινγκ Εξαγωγών, Οργάνωση του Τμήματος Πωλήσεων, Έρευνα Αγοράς Εξωτερικού, Τιμολογιακή Πολιτική, Διαφημίσεις, Δημόσιες Σχέσεις, Η Ανάπτυξη των Ελληνικών Εξαγωγών, Ο Πανελλήνιος Σύνδεσμος Εξαγωγέων, Ο Οργανισμός Ασφάλισης Εξαγωγικών Πιστώσεων, Ο Ελληνικός Οργανισμός Εξωτερικού Εμπορίου, Χρήσιμες Διευθύνσεις στο Διαδίκτυο, Βιβλιογραφία, Ευρετήριο.
700 1# - ΠΡΟΣΘΕΤΗ ΑΝΑΓΡΑΦΗ--ΦΥΣΙΚΟ ΠΡΟΣΩΠΟ
Personal name Ιωάννου Κωνσταντίνος
9 (RLIN) 5578
942 ## - ADDED ENTRY ELEMENTS (KOHA)
Koha item type Books
Holdings
Τύπος τεκμηρίου Βιβλιοθήκη Τρέχουσα τοποθεσία Barcode Αριθμός εισαγωγής Ημερομηνία απόκτησης Ταξιθετικό σύμβολο Αριθμός αντιτύπου Κατάσταση απόσυρσης Κατάσταση χαμένου Κατάσταση κατεστραμμένου Μη δανεισμός Σύνολο δανεισμών Ημερομηνία τελευταίας εμφάνισης Η τιμή ισχύει από
Books MC Athens Campus Library MC Athens Campus Library 9780000045911 5355 05/06/2025 382.6 IOA 1           05/06/2025 05/06/2025

MC Athens Campus Library
Πατησίων 94 & Κοδριγκτώνος 13, 104 34
Πελλήνης 8 & Πατησίων 107, 112 51
Τ: +30 210 8899600

MC Thessaloniki Campus Library
Ίωνος Δραγούμη 21, 54625 | Ίωνος Δραγούμη 15, 54625
Τ: +30 2310 287779 – Τ: +30 2314 440300